Statistics for Mystery Geography Fact No7

Click here to take the quiz!

General Stats

  • This quiz has been taken 37 times
  • The average score is 4 of 9

Answer Stats

Answer% Correct
The
97%
Is
80%
Country
70%
In
60%
Europe
40%
Least
20%
Densely
13%
Populated
13%
Iceland
3%

Score Distribution

Percentile by Number Answered

Percent of People with Each Score

Your Score History

You have not taken this quiz